000 00444nam a2200181Ia 4500
001 23239
005 20260414150924.0
008 260414t2017||||xx |||||||||||||| ||spa||
041 _aESP
082 _a627.13
_bN518
100 _aNaudascher, Eduard
_eAUT
245 0 _aHidráulica de canales :
_bdiseño de estructuras
260 _c2017
300 _a381 páginas :
_c23 cm.
650 _a0
654 _aCIC
942 _cLIB
_dJUS
_fJUS
_2ddc
_n
999 _c23239
_d23239